00339nam a22001337a 4500003000400000020001800004082001800022100002000040245005400060260003800114300000700152650002800159700001800187SGT a9783659879821 a617.601bD24K aKhurana, Charu  aDental HomebComprehensive Oral Healthcare Centre bLambert Academic Publishingc2024 a47 aPublic Health Dentistry aDas, Diptajit